[Event "Stay Safe Play From Home 284"]
[Site "Emanuel Lasker Arena"]
[Date "2020.07.07"]
[Round "8"]
[White "Mepe_Nika"]
[Black "Lazieri3"]
[Result "1-0"]
[WhiteElo "2395"]
[BlackElo "2105"]
[Annotator "TA"]
[PlyCount "47"]
[EventDate "2020.07.07"]
[EventType "swiss (blitz)"]

{[%evp 11,47,12,20,27,70,71,71,55,63,61,145,-349,-343,-358,-279,-279,-237,-392,-368,-776,-347,-344,-338,-404,-329,-416,-416,-443,-442,-443,-441,-463,-452,-578,-574,-972,-969,-2640]} 1. c4 c6 2. Nc3 d5 3. cxd5 cxd5 4. d4 Nf6 5. Bf4 Nc6 6. e3 Bg4 7. Qb3 {D10: Slav Defence: 3 cxd5 (without early Nf3) and 3 Nc3.} Qb6 8. Qxb6 $1 axb6 {[#]} 9. Bd3 $146 {White is better.} ({Predecessor:} 9. f3 Bf5 10. g4 Be6 11. Nge2 g6 12. Nb5 Kd7 13. Nec3 Rc8 14. Na4 Nb4 15. Nxb6+ {1-0 (31) Spraggett,K (2530)-Barroso,S (1556) Famalicao 2018}) 9... Bh5 10. Nf3 (10. Rc1 {keeps more tension.} e6 11. a3 Be7 12. Nf3 O-O 13. O-O) 10... Bg6 ({Better is} 10... Bxf3 $14 11. gxf3 e6) 11. O-O $2 {[%mdl 8192] [#] White does not recover from this.} (11. Bb5 $16 {and life is bright.}) 11... Bxd3 $19 12. Rfd1 Bc2 13. Rdc1 Be4 14. Nxe4 $2 (14. Ne5 {is a better defense.}) 14... Nxe4 15. Nd2 $2 {[#]} (15. Bc7) 15... O-O-O (15... Nxd2 $142 16. b3 e6) 16. Nxe4 dxe4 17. Rc2 Kd7 18. a3 {and the idea d5 leaves White hopeful.} e6 19. Rac1 Bd6 {Black is clearly winning.} 20. Bxd6 Kxd6 21. f3 f5 22. d5 exd5 23. Rxc6+ bxc6 24. Rxc6+ {[%mdl 32768] Accuracy: White = 36%, Black = 36%. . Loss on time!?} 1-0

[Event "Stay Safe Play From Home 284"]
[Site "Emanuel Lasker Arena"]
[Date "2020.07.07"]
[Round "8"]
[White "Fischer_11"]
[Black "Trotsky"]
[Result "1-0"]
[WhiteElo "2034"]
[BlackElo "1641"]
[Annotator "NA"]
[PlyCount "57"]
[EventDate "2020.07.07"]
[EventType "swiss (blitz)"]

1. e4 {[%emt 0:00:03]} c5 {[%emt 0:00:01]} 2. c3 {[%emt 0:00:01]} e6 {[%emt 0:00:00]} 3. d4 {[%emt 0:00:01]} d5 {[%emt 0:00:01]} 4. exd5 {[%emt 0:00:00]} exd5 {[%emt 0:00:01]} 5. Be3 {[%emt 0:00:00]} c4 {[%emt 0:00:01]} 6. b3 {[%emt 0:00:00]} Be6 {[%emt 0:00:01]} 7. bxc4 {[%emt 0:00:01]} Nc6 {[%emt 0:00:02]} 8. Nd2 {[%emt 0:00:00]} Qc7 {[%emt 0:00:01]} 9. cxd5 {[%emt 0:00:01]} Bxd5 {[%emt 0:00:01]} 10. c4 {[%emt 0:00:00]} Be6 {[%emt 0:00:13]} 11. d5 {[%emt 0:00:02]} O-O-O {[%emt 0:00:01]} 12. Qa4 {[%emt 0:00:04]} Bd7 {[%emt 0:00:05]} 13. dxc6 {[%emt 0:00:03]} Bxc6 {[%emt 0:00:02]} 14. Qxa7 {[%emt 0:00:01]} Kd7 {[%emt 0:00:02]} 15. Ngf3 {[%emt 0:00:04]} Bd6 {[%emt 0:00:01]} 16. Qb6 {[%emt 0:00:07]} Qxb6 {[%emt 0:00:06]} 17. Bxb6 {[%emt 0:00:00]} Bc7 {[%emt 0:00:01]} 18. Bxc7 {[%emt 0:00:01]} Kxc7 {[%emt 0:00:01]} 19. Be2 {[%emt 0:00:02]} Nf6 {[%emt 0:00:01]} 20. O-O {[%emt 0:00:01]} Ng4 {[%emt 0:00:01]} 21. h3 {[%emt 0:00:01]} Nf6 {[%emt 0:00:05]} 22. Nb3 {[%emt 0:00:01]} h6 {[%emt 0:00:02]} 23. Nbd4 {[%emt 0:00:01]} Bxf3 {[%emt 0:00:02]} 24. Nxf3 {[%emt 0:00:01]} g5 {[%emt 0:00:02]} 25. Rfd1 {[%emt 0:00:01]} Rxd1+ {[%emt 0:00:02]} 26. Rxd1 {[%emt 0:00:00]} Rd8 {[%emt 0:00:02]} 27. c5 {[%emt 0:00:00]} Rxd1+ {[%emt 0:00:01]} 28. Bxd1 {[%emt 0:00:00]} Ne4 {[%emt 0:00:01]} 29. Nxg5 {[%emt 0:00:00] Âðåìÿ (Lag: Av=0.20s, max=0.3s)} 1-0

[Event "Stay Safe Play From Home 284"]
[Site "Emanuel Lasker Arena"]
[Date "2020.07.07"]
[Round "8"]
[White "Ironmike"]
[Black "Sfantul321"]
[Result "1-0"]
[WhiteElo "1948"]
[BlackElo "2006"]
[Annotator "NA"]
[PlyCount "97"]
[EventDate "2020.07.07"]
[EventType "swiss (blitz)"]
[WhiteTeam "SV Horst-Emscher I"]

{Dönges, Dirk (1820)} 1. e3 {[%emt 0:00:01]} g6 {[%emt 0:00:03]} 2. Ne2 {[%emt 0:00:00]} Bg7 {[%emt 0:00:00]} 3. d4 {[%emt 0:00:01]} c5 {[%emt 0:00:00]} 4. dxc5 {[%emt 0:00:01]} Qa5+ {[%emt 0:00:01]} 5. Nbc3 {[%emt 0:00:01]} Qxc5 {[%emt 0:00:00]} 6. Bd2 {[%emt 0:00:01]} Nf6 {[%emt 0:00:01]} 7. g3 {[%emt 0:00:00]} d5 {[%emt 0:00:01]} 8. Bg2 {[%emt 0:00:00]} e6 {[%emt 0:00:00]} 9. O-O {[%emt 0:00:01]} Nc6 {[%emt 0:00:01]} 10. Rc1 {[%emt 0:00:02]} O-O {[%emt 0:00:01]} 11. f3 {[%emt 0:00:02]} a6 {[%emt 0:00:02]} 12. Kh1 {[%emt 0:00:00]} Rb8 {[%emt 0:00:01]} 13. e4 {[%emt 0:00:00]} d4 {[%emt 0:00:02]} 14. Na4 {[%emt 0:00:02]} Qd6 {[%emt 0:00:03]} 15. b3 {[%emt 0:00:01]} e5 {[%emt 0:00:01]} 16. Nb2 {[%emt 0:00:01]} b5 {[%emt 0:00:01]} 17. Nd3 {[%emt 0:00:01]} Bb7 {[%emt 0:00:01]} 18. f4 {[%emt 0:00:01]} Ng4 {[%emt 0:00:03]} 19. h3 {[%emt 0:00:02]} Ne3 {[%emt 0:00:01]} 20. Bxe3 {[%emt 0:00:01]} dxe3 {[%emt 0:00:00]} 21. f5 {[%emt 0:00:01]} Nd4 {[%emt 0:00:02]} 22. Nxd4 {[%emt 0:00:01]} exd4 {[%emt 0:00:01]} 23. Nf4 {[%emt 0:00:02]} Qe5 {[%emt 0:00:01]} 24. Nd3 {[%emt 0:00:03]} Qe7 {[%emt 0:00:02]} 25. Qe2 {[%emt 0:00:00]} Bxe4 {[%emt 0:00:02]} 26. Rce1 {[%emt 0:00:02]} Bxg2+ {[%emt 0:00:02]} 27. Qxg2 {[%emt 0:00:03]} Rbc8 {[%emt 0:00:01]} 28. Rf4 {[%emt 0:00:00]} Rxc2 {[%emt 0:00:02]} 29. Qxc2 {[%emt 0:00:01]} Bh6 {[%emt 0:00:02]} 30. Rxd4 {[%emt 0:00:02]} Bg7 {[%emt 0:00:01]} 31. Rg4 {[%emt 0:00:02]} e2 {[%emt 0:00:01]} 32. Rxe2 {[%emt 0:00:02]} Qb7+ {[%emt 0:00:00]} 33. Kh2 {[%emt 0:00:01]} Rc8 {[%emt 0:00:01]} 34. Qd2 {[%emt 0:00:01]} Rd8 {[%emt 0:00:02]} 35. fxg6 {[%emt 0:00:01]} hxg6 {[%emt 0:00:01]} 36. Qe3 {[%emt 0:00:01]} Qd5 {[%emt 0:00:02]} 37. Nf4 {[%emt 0:00:02]} Qc6 {[%emt 0:00:02]} 38. h4 {[%emt 0:00:00]} Qd7 {[%emt 0:00:02]} 39. Rg5 {[%emt 0:00:02]} Bh6 {[%emt 0:00:01]} 40. Nh3 {[%emt 0:00:02]} Bxg5 {[%emt 0:00:01]} 41. Nxg5 {[%emt 0:00:01]} Qf5 {[%emt 0:00:01]} 42. Nf3 {[%emt 0:00:03]} Rd3 {[%emt 0:00:02]} 43. Qf4 {[%emt 0:00:02]} Rxf3 {[%emt 0:00:02]} 44. Qxf5 {[%emt 0:00:01]} Rxf5 {[%emt 0:00:00]} 45. Kh3 {[%emt 0:00:00]} Kg7 {[%emt 0:00:01]} 46. Kg4 {[%emt 0:00:00]} Rc5 {[%emt 0:00:01]} 47. h5 {[%emt 0:00:00]} a5 {[%emt 0:00:01]} 48. hxg6 {[%emt 0:00:01]} Kxg6 {[%emt 0:00:00]} 49. Re6+ {[%emt 0:00:01] Time (Lag: Av=0.26s, max=0.5s)} 1-0

[Event "Stay Safe Play From Home 284"]
[Site "Emanuel Lasker Arena"]
[Date "2020.07.07"]
[Round "8"]
[White "Klasman"]
[Black "Bardellosport"]
[Result "0-1"]
[WhiteElo "1404"]
[BlackElo "1959"]
[PlyCount "40"]
[EventDate "2020.07.07"]
[EventType "swiss (blitz)"]

1. f4 {[%emt 0:00:03]} d6 {[%emt 0:00:00]} 2. Nf3 {[%emt 0:00:01]} Nd7 {[%emt 0:00:00]} 3. e4 {[%emt 0:00:01]} Ngf6 {[%emt 0:00:00]} 4. Nc3 {[%emt 0:00:02]} e5 {[%emt 0:00:00]} 5. d4 {[%emt 0:00:02]} exd4 {[%emt 0:00:01]} 6. Nxd4 {[%emt 0:00:01]} Be7 {[%emt 0:00:00]} 7. Bd3 {[%emt 0:00:01]} c6 {[%emt 0:00:00]} 8. O-O {[%emt 0:00:02]} Qc7 {[%emt 0:00:00]} 9. Qf3 {[%emt 0:00:06]} O-O {[%emt 0:00:01]} 10. Be3 {[%emt 0:00:01]} Nc5 {[%emt 0:00:01]} 11. g4 {[%emt 0:00:05]} Ne6 {[%emt 0:00:00]} 12. g5 {[%emt 0:00:02]} Ne8 {[%emt 0:00:01]} 13. f5 {[%emt 0:00:06]} Nxd4 {[%emt 0:00:01]} 14. Bxd4 {[%emt 0:00:05]} f6 {[%emt 0:00:00]} 15. g6 {[%emt 0:00:03]} hxg6 {[%emt 0:00:01]} 16. Bc4+ {[%emt 0:00:05]} Rf7 {[%emt 0:00:02]} 17. fxg6 {[%emt 0:00:04]} d5 {[%emt 0:00:01]} 18. gxf7+ {[%emt 0:00:01]} Kxf7 {[%emt 0:00:00]} 19. Qh5+ {[%emt 0:00:02]} Kf8 {[%emt 0:00:02]} 20. Qh8+ {[%emt 0:00:04]} Kf7 {[%emt 0:00:01] Time (Lag: Av=0.39s, max=0.6s)} 0-1

[Event "Stay Safe Play From Home 284"]
[Site "Emanuel Lasker Arena"]
[Date "2020.07.07"]
[Round "9"]
[White "SoulofWolf"]
[Black "Fischer_11"]
[Result "1-0"]
[WhiteElo "2208"]
[BlackElo "2038"]
[Annotator "NA"]
[PlyCount "81"]
[EventDate "2020.07.07"]
[EventType "swiss (blitz)"]

1. c4 {[%emt 0:00:00]} d6 {[%emt 0:00:02]} 2. Nf3 {[%emt 0:00:00]} e6 {[%emt 0:00:00]} 3. Nc3 {[%emt 0:00:01]} Nf6 {[%emt 0:00:00]} 4. d4 {[%emt 0:00:00]} Be7 {[%emt 0:00:00]} 5. Bg5 {[%emt 0:00:00]} O-O {[%emt 0:00:01]} 6. e3 {[%emt 0:00:01]} h6 {[%emt 0:00:00]} 7. Bh4 {[%emt 0:00:00]} c6 {[%emt 0:00:01]} 8. Bd3 {[%emt 0:00:01]} Nbd7 {[%emt 0:00:01]} 9. Qc2 {[%emt 0:00:00]} e5 {[%emt 0:00:00]} 10. O-O-O {[%emt 0:00:01]} exd4 {[%emt 0:00:03]} 11. Nxd4 {[%emt 0:00:01]} a6 {[%emt 0:00:01]} 12. Nf5 {[%emt 0:00:00]} b5 {[%emt 0:00:02]} 13. cxb5 {[%emt 0:00:01]} axb5 {[%emt 0:00:00]} 14. Kb1 {[%emt 0:00:00]} Ne5 {[%emt 0:00:04]} 15. Be2 {[%emt 0:00:03]} Bxf5 {[%emt 0:00:03]} 16. Qxf5 {[%emt 0:00:01]} Qd7 {[%emt 0:00:00]} 17. Qxd7 {[%emt 0:00:02]} Nexd7 {[%emt 0:00:02]} 18. Bxf6 {[%emt 0:00:01]} Nxf6 {[%emt 0:00:02]} 19. Bf3 {[%emt 0:00:01]} d5 {[%emt 0:00:02]} 20. Rhe1 {[%emt 0:00:02]} Bb4 {[%emt 0:00:01]} 21. Re2 {[%emt 0:00:03]} Bxc3 {[%emt 0:00:01]} 22. bxc3 {[%emt 0:00:00]} Ra3 {[%emt 0:00:02]} 23. Rc2 {[%emt 0:00:01]} Rfa8 {[%emt 0:00:01]} 24. Rdd2 {[%emt 0:00:00]} Nd7 {[%emt 0:00:01]} 25. e4 {[%emt 0:00:02]} Ne5 {[%emt 0:00:08]} 26. exd5 {[%emt 0:00:01]} Nc4 {[%emt 0:00:01]} 27. Re2 {[%emt 0:00:06]} R3a6 {[%emt 0:00:02]} 28. dxc6 {[%emt 0:00:01]} Na3+ {[%emt 0:00:01]} 29. Kc1 {[%emt 0:00:01]} Nxc2 {[%emt 0:00:00]} 30. Rxc2 {[%emt 0:00:01]} Rc8 {[%emt 0:00:04]} 31. Kb2 {[%emt 0:00:02]} Raxc6 {[%emt 0:00:02]} 32. Bxc6 {[%emt 0:00:00]} Rxc6 {[%emt 0:00:00]} 33. Kb3 {[%emt 0:00:00]} Rc4 {[%emt 0:00:02]} 34. Rd2 {[%emt 0:00:01]} Rg4 {[%emt 0:00:02]} 35. g3 {[%emt 0:00:01]} Rg5 {[%emt 0:00:01]} 36. h4 {[%emt 0:00:01]} Rf5 {[%emt 0:00:01]} 37. Kb4 {[%emt 0:00:02]} Rf6 {[%emt 0:00:00]} 38. Kxb5 {[%emt 0:00:01]} Rf5+ {[%emt 0:00:02]} 39. Kc4 {[%emt 0:00:01]} Rf6 {[%emt 0:00:00]} 40. Kd5 {[%emt 0:00:01]} Rc6 {[%emt 0:00:00]} 41. Kxc6 {[%emt 0:00:01] Fischer_11 gibt auf (Lag: Av=0.35s, max=0.7s)} 1-0

[Event "Stay Safe Play From Home 284"]
[Site "Emanuel Lasker Arena"]
[Date "2020.07.07"]
[Round "9"]
[White "Lazieri3"]
[Black "Mandy"]
[Result "1-0"]
[WhiteElo "2100"]
[BlackElo "917"]
[PlyCount "37"]
[EventDate "2020.07.07"]
[EventType "swiss (blitz)"]

1. e4 {[%emt 0:00:01]} c6 {[%emt 0:00:01]} 2. d4 {[%emt 0:00:01]} d5 {[%emt 0:00:01]} 3. exd5 {[%emt 0:00:00]} cxd5 {[%emt 0:00:01]} 4. c3 {[%emt 0:00:00]} Bf5 {[%emt 0:00:01]} 5. Nf3 {[%emt 0:00:00]} Nf6 {[%emt 0:00:01]} 6. Bf4 {[%emt 0:00:00]} Nbd7 {[%emt 0:00:04]} 7. Bd3 {[%emt 0:00:01]} g6 {[%emt 0:00:01]} 8. Bxf5 {[%emt 0:00:02]} gxf5 {[%emt 0:00:04]} 9. Nbd2 {[%emt 0:00:00]} e6 {[%emt 0:00:01]} 10. O-O {[%emt 0:00:01]} Be7 {[%emt 0:00:05]} 11. Ne5 {[%emt 0:00:01]} O-O {[%emt 0:00:07]} 12. Nxd7 {[%emt 0:00:01]} Qxd7 {[%emt 0:00:04]} 13. Nf3 {[%emt 0:00:00]} Ng4 {[%emt 0:00:06]} 14. Ne5 {[%emt 0:00:01]} Qe8 {[%emt 0:00:04]} 15. Nxg4 {[%emt 0:00:02]} h5 {[%emt 0:00:06]} 16. Ne5 {[%emt 0:00:04]} Bd6 {[%emt 0:00:07]} 17. Qxh5 {[%emt 0:00:02]} Qe7 {[%emt 0:00:03]} 18. Bh6 {[%emt 0:00:03]} Rfe8 {[%emt 0:00:03]} 19. g4 {[%emt 0:00:03] Zeit (Lag: Av=0.83s, max=1.3s)} 1-0

[Event "Stay Safe Play From Home 284"]
[Site "Emanuel Lasker Arena"]
[Date "2020.07.07"]
[Round "9"]
[White "Haxhi Baha"]
[Black "Jhhonnyy"]
[Result "0-1"]
[WhiteElo "2052"]
[BlackElo "2282"]
[PlyCount "54"]
[EventDate "2020.07.07"]
[EventType "swiss (blitz)"]

1. e4 {[%emt 0:00:01]} c5 {[%emt 0:00:01]} 2. Nf3 {[%emt 0:00:01]} e6 {[%emt 0:00:01]} 3. d4 {[%emt 0:00:00]} cxd4 {[%emt 0:00:00]} 4. c3 {[%emt 0:00:00]} d3 {[%emt 0:00:01]} 5. Bxd3 {[%emt 0:00:01]} Nc6 {[%emt 0:00:00]} 6. O-O {[%emt 0:00:01]} Qc7 {[%emt 0:00:00]} 7. Re1 {[%emt 0:00:01]} Nf6 {[%emt 0:00:00]} 8. g3 {[%emt 0:00:00]} d6 {[%emt 0:00:01]} 9. Be3 {[%emt 0:00:02]} Be7 {[%emt 0:00:00]} 10. h3 {[%emt 0:00:02]} O-O {[%emt 0:00:00]} 11. Kg2 {[%emt 0:00:00]} Rd8 {[%emt 0:00:00]} 12. Nbd2 {[%emt 0:00:01]} b6 {[%emt 0:00:00]} 13. Qc2 {[%emt 0:00:01]} Bb7 {[%emt 0:00:00]} 14. g4 {[%emt 0:00:01]} Rac8 {[%emt 0:00:01]} 15. g5 {[%emt 0:00:01]} Nd7 {[%emt 0:00:01]} 16. e5 {[%emt 0:00:01]} Ncxe5 {[%emt 0:00:01]} 17. Bxh7+ {[%emt 0:00:01]} Kf8 {[%emt 0:00:00]} 18. Be4 {[%emt 0:00:01]} d5 {[%emt 0:00:01]} 19. Bd3 {[%emt 0:00:04]} Nxf3 {[%emt 0:00:01]} 20. Nxf3 {[%emt 0:00:01]} Ne5 {[%emt 0:00:00]} 21. Nxe5 {[%emt 0:00:01]} Qxe5 {[%emt 0:00:01]} 22. f4 {[%emt 0:00:03]} Qc7 {[%emt 0:00:03]} 23. h4 {[%emt 0:00:03]} d4+ {[%emt 0:00:01]} 24. Be4 {[%emt 0:00:01]} dxe3 {[%emt 0:00:01]} 25. Rxe3 {[%emt 0:00:03]} Qxf4 {[%emt 0:00:03]} 26. Bxb7 {[%emt 0:00:04]} Qxe3 {[%emt 0:00:00]} 27. Bxc8 {[%emt 0:00:01]} Rd2+ {[%emt 0:00:01] Haxhi Baha resigns (Lag: Av=0.59s, max=1.3s)} 0-1

[Event "Stay Safe Play From Home 284"]
[Site "Emanuel Lasker Arena"]
[Date "2020.07.07"]
[Round "9"]
[White "Sfantul321"]
[Black "Broken sword"]
[Result "0-1"]
[WhiteElo "1986"]
[BlackElo "2485"]
[Annotator "NA"]
[PlyCount "78"]
[EventDate "2020.07.07"]
[EventType "swiss (blitz)"]

1. c4 {[%emt 0:00:01]} c6 {[%emt 0:00:01]} 2. Nc3 {[%emt 0:00:00]} d5 {[%emt 0:00:00]} 3. cxd5 {[%emt 0:00:01]} cxd5 {[%emt 0:00:00]} 4. d4 {[%emt 0:00:00]} Nf6 {[%emt 0:00:00]} 5. Nf3 {[%emt 0:00:01]} Nc6 {[%emt 0:00:00]} 6. Bg5 {[%emt 0:00:01]} Ne4 {[%emt 0:00:00]} 7. Bf4 {[%emt 0:00:01]} Nxc3 {[%emt 0:00:01]} 8. bxc3 {[%emt 0:00:01]} Bf5 {[%emt 0:00:00]} 9. Qb3 {[%emt 0:00:02]} Qb6 {[%emt 0:00:01]} 10. Qxb6 {[%emt 0:00:01]} axb6 {[%emt 0:00:00]} 11. e3 {[%emt 0:00:00]} e6 {[%emt 0:00:01]} 12. Bb5 {[%emt 0:00:01]} Be7 {[%emt 0:00:03]} 13. Ne5 {[%emt 0:00:01]} O-O {[%emt 0:00:01]} 14. Nxc6 {[%emt 0:00:01]} bxc6 {[%emt 0:00:00]} 15. Bxc6 {[%emt 0:00:01]} Rac8 {[%emt 0:00:01]} 16. Bb5 {[%emt 0:00:02]} Rxc3 {[%emt 0:00:01]} 17. O-O {[%emt 0:00:01]} Ra8 {[%emt 0:00:01]} 18. a4 {[%emt 0:00:01]} Rc2 {[%emt 0:00:02]} 19. Rfc1 {[%emt 0:00:01]} Rac8 {[%emt 0:00:01]} 20. Rxc2 {[%emt 0:00:01]} Rxc2 {[%emt 0:00:00]} 21. h3 {[%emt 0:00:00]} Bd8 {[%emt 0:00:01]} 22. Kh2 {[%emt 0:00:01]} f6 {[%emt 0:00:00]} 23. Bg3 {[%emt 0:00:01]} Kf7 {[%emt 0:00:01]} 24. Re1 {[%emt 0:00:03]} h5 {[%emt 0:00:02]} 25. f3 {[%emt 0:00:01]} g5 {[%emt 0:00:01]} 26. e4 {[%emt 0:00:01]} dxe4 {[%emt 0:00:04]} 27. fxe4 {[%emt 0:00:01]} Bg6 {[%emt 0:00:00]} 28. Bd6 {[%emt 0:00:01]} Be7 {[%emt 0:00:04]} 29. Bxe7 {[%emt 0:00:02]} Kxe7 {[%emt 0:00:00]} 30. d5 {[%emt 0:00:00]} Kd6 {[%emt 0:00:01]} 31. dxe6 {[%emt 0:00:02]} Kxe6 {[%emt 0:00:00]} 32. Bd3 {[%emt 0:00:02]} Rc3 {[%emt 0:00:01]} 33. Bb5 {[%emt 0:00:01]} Ke5 {[%emt 0:00:01]} 34. Bc6 {[%emt 0:00:02]} Rxc6 {[%emt 0:00:01]} 35. Rd1 {[%emt 0:00:01]} Bxe4 {[%emt 0:00:01]} 36. Re1 {[%emt 0:00:01]} Rc2 {[%emt 0:00:01]} 37. Kg1 {[%emt 0:00:01]} Rxg2+ {[%emt 0:00:01]} 38. Kf1 {[%emt 0:00:00]} Rh2 {[%emt 0:00:00]} 39. Rxe4+ {[%emt 0:00:02]} Kxe4 {[%emt 0:00:01] Sfantul321 resigns (Lag: Av=0.24s, max=0.7s)} 0-1

[Event "Stay Safe Play From Home 284"]
[Site "Emanuel Lasker Arena"]
[Date "2020.07.07"]
[Round "9"]
[White "Bardellosport"]
[Black "Mepe_Nika"]
[Result "0-1"]
[WhiteElo "1961"]
[BlackElo "2401"]
[Annotator "RC"]
[PlyCount "88"]
[EventDate "2020.07.07"]
[EventType "swiss (blitz)"]

1. Nc3 {[%emt 0:00:01]} d5 {[%emt 0:00:01]} 2. e4 {[%emt 0:00:01]} dxe4 {[%emt 0:00:01]} 3. Nxe4 {[%emt 0:00:01]} Bf5 {[%emt 0:00:00]} 4. Ng3 {[%emt 0:00:00]} e6 {[%emt 0:00:00]} 5. Nxf5 {[%emt 0:00:02]} exf5 {[%emt 0:00:01]} 6. Nf3 {[%emt 0:00:00]} Bd6 {[%emt 0:00:01]} 7. d4 {[%emt 0:00:01]} Ne7 {[%emt 0:00:00]} 8. c3 {[%emt 0:00:00]} O-O {[%emt 0:00:01]} 9. Bg5 {[%emt 0:00:01]} Re8 {[%emt 0:00:02]} 10. Bxe7 {[%emt 0:00:01]} Qxe7+ {[%emt 0:00:01]} 11. Be2 {[%emt 0:00:00]} c5 {[%emt 0:00:01]} 12. d5 {[%emt 0:00:02]} Nd7 {[%emt 0:00:01]} 13. Qd2 {[%emt 0:00:01]} Ne5 {[%emt 0:00:01]} 14. Nxe5 {[%emt 0:00:01]} Qxe5 {[%emt 0:00:00]} 15. Kd1 {[%emt 0:00:02]} Rad8 {[%emt 0:00:01]} 16. Bf3 {[%emt 0:00:01]} c4 {[%emt 0:00:01]} 17. Re1 {[%emt 0:00:01]} Qxh2 {[%emt 0:00:02]} 18. Kc2 {[%emt 0:00:02]} b5 {[%emt 0:00:01]} 19. Rxe8+ {[%emt 0:00:01]} Rxe8 {[%emt 0:00:01]} 20. Re1 {[%emt 0:00:00]} Rxe1 {[%emt 0:00:02]} 21. Qxe1 {[%emt 0:00:00]} Qe5 {[%emt 0:00:01]} 22. Qxe5 {[%emt 0:00:01]} Bxe5 {[%emt 0:00:00]} 23. b3 {[%emt 0:00:01]} cxb3+ {[%emt 0:00:02]} 24. axb3 {[%emt 0:00:00]} Kf8 {[%emt 0:00:00]} 25. Be2 {[%emt 0:00:01]} a6 {[%emt 0:00:01]} 26. c4 {[%emt 0:00:01]} bxc4 {[%emt 0:00:01]} 27. bxc4 {[%emt 0:00:00]} Bd6 {[%emt 0:00:01]} 28. Kb3 {[%emt 0:00:01] Bardellosport offre la patta} Bc5 {[%emt 0:00:01]} 29. f3 {[%emt 0:00:01]} Ke7 {[%emt 0:00:01]} 30. Ka4 {[%emt 0:00:02]} Bb6 {[%emt 0:00:01]} 31. Kb4 {[%emt 0:00:02]} Kd6 {[%emt 0:00:00]} 32. Kc3 {[%emt 0:00:01]} h5 {[%emt 0:00:01]} 33. Bd3 {[%emt 0:00:01]} g6 {[%emt 0:00:01]} 34. g4 {[%emt 0:00:01]} fxg4 {[%emt 0:00:01]} 35. fxg4 {[%emt 0:00:00]} h4 {[%emt 0:00:00]} 36. Be4 {[%emt 0:00:01]} Ke5 {[%emt 0:00:02]} 37. Bg2 {[%emt 0:00:01]} Bc5 {[%emt 0:00:01]} 38. Kb3 {[%emt 0:00:01]} f5 {[%emt 0:00:01]} 39. gxf5 {[%emt 0:00:01]} Kxf5 {[%emt 0:00:03]} 40. Kc2 {[%emt 0:00:01]} g5 {[%emt 0:00:01]} 41. Bh3+ {[%emt 0:00:02]} g4 {[%emt 0:00:01]} 42. Bg2 {[%emt 0:00:00]} h3 {[%emt 0:00:01]} 43. Bh1 {[%emt 0:00:01]} g3 {[%emt 0:00:00]} 44. Kd3 {[%emt 0:00:00]} g2 {[%emt 0:00:01] Bardellosport abbandona (Lag: Av=0.39s, max=0.6s)} 0-1

[Event "Stay Safe Play From Home 284"]
[Site "Emanuel Lasker Arena"]
[Date "2020.07.07"]
[Round "9"]
[White "Trotsky"]
[Black "Robk"]
[Result "1-0"]
[WhiteElo "1637"]
[BlackElo "1495"]
[Annotator "NA"]
[PlyCount "51"]
[EventDate "2020.07.07"]
[EventType "swiss (blitz)"]

1. d4 {[%emt 0:00:01]} d5 {[%emt 0:00:02]} 2. e3 {[%emt 0:00:00]} e6 {[%emt 0:00:01]} 3. c3 {[%emt 0:00:00]} Nf6 {[%emt 0:00:01]} 4. c4 {[%emt 0:00:00]} g6 {[%emt 0:00:01]} 5. Nc3 {[%emt 0:00:01]} dxc4 {[%emt 0:00:02]} 6. Bxc4 {[%emt 0:00:01]} Bg7 {[%emt 0:00:00]} 7. Nf3 {[%emt 0:00:01]} O-O {[%emt 0:00:01]} 8. Qc2 {[%emt 0:00:01]} Nbd7 {[%emt 0:00:01]} 9. Bd3 {[%emt 0:00:01]} c6 {[%emt 0:00:01]} 10. Ng5 {[%emt 0:00:01]} Nb6 {[%emt 0:00:03]} 11. h4 {[%emt 0:00:01]} Nbd5 {[%emt 0:00:02]} 12. a3 {[%emt 0:00:01]} Nxc3 {[%emt 0:00:02]} 13. bxc3 {[%emt 0:00:01]} Bd7 {[%emt 0:00:03]} 14. h5 {[%emt 0:00:01]} Nxh5 {[%emt 0:00:02]} 15. g4 {[%emt 0:00:09]} Nf6 {[%emt 0:00:03]} 16. Bd2 {[%emt 0:00:05]} Nxg4 {[%emt 0:00:03]} 17. e4 {[%emt 0:00:04]} Qf6 {[%emt 0:00:05]} 18. Nxh7 {[%emt 0:00:08]} Qxf2+ {[%emt 0:00:03]} 19. Kd1 {[%emt 0:00:02]} Ne3+ {[%emt 0:00:05]} 20. Bxe3 {[%emt 0:00:02]} Qxe3 {[%emt 0:00:01]} 21. Qd2 {[%emt 0:00:01]} Qf3+ {[%emt 0:00:01]} 22. Kc2 {[%emt 0:00:01]} c5 {[%emt 0:00:03]} 23. Raf1 {[%emt 0:00:01]} Qg4 {[%emt 0:00:08]} 24. e5 {[%emt 0:00:02]} Ba4+ {[%emt 0:00:08]} 25. Kb2 {[%emt 0:00:02]} cxd4 {[%emt 0:00:00]} 26. Rfg1 {[%emt 0:00:04] Time (Lag: Av=0.43s, max=0.9s)} 1-0